Los Derechos como principios objetivos en los estados compuestos

Detalles Bibliográficos
Otros Autores: Gavara de Cara, Juan Carlos
Formato: Libro
Lenguaje:español
Publicado: Barcelona : Bosch, 2010
Materias:
Acceso en línea:Acceso restringido

MARC

LEADER 00000nam a2200000 a 4500
005 20110822120246.0
008 100319s2010 spc|||| |||| 000 0 spa|c
017 |a DL B. 10352-2010  |b Biblioteca de Catalunya 
020 |a 9788476988985 
035 |a 4953 
040 |d vLex 
080 |a 342 
090 |c 2245  |d 2245 
245 0 4 |a Los Derechos como principios objetivos en los estados compuestos   |c Juan Carlos Gavara de Cara, (ed.)  |h [Recurso electrn̤ico] / 
256 |a Servicio en ln̕ea. 
260 |a Barcelona :  |b Bosch,  |c 2010 
300 |a 248 p. ;  |c 21 cm  
504 |a Incluye bibliografa̕ 
506 1 |a Contenido solo disponible en los productos indicados  |d vLex Global  |d vLex Global (Academic Edition, excluding Law Schools)  |d vLex Global (U.S. Academic Edition, Law Schools)  |d vLex Global (U.S. Academic Edition, excluding Law Schools)  |d vLex Global (Academic Edition, Law Schools) 
650 0 4 |a Derechos civiles 
650 0 4 |a Derechos humanos 
650 0 4 |a Derecho constitucional 
700 1 |a Gavara de Cara, Juan Carlos 
740 0 |a vLex Libros (Servicio en ln̕ea) 
856 4 0 |u http://vlex.com/source/4953  |z Acceso restringido 
942 |c BOOK